| 000 | 01330nam a22003977a 4500 | ||
|---|---|---|---|
| 001 | 000102159 | ||
| 003 | CHAP | ||
| 005 | 20240828130158.0 | ||
| 008 | 100607s2007 mx r 00010 spa d | ||
| 010 | _a98622 | ||
| 011 | _a99594 | ||
| 020 | _a789680203789 | ||
| 035 | _a110280 | ||
| 040 | _cCHAP | ||
| 090 | _aFolleto 17655 | ||
| 245 | 0 | 0 |
_aPropagación de dalias en México / _cpor José Merced Mejía Muñoz ...[ét al.]. |
| 260 |
_aTlanepantla, Edo. Méx., : _bSAGARPA, _c2007. |
||
| 300 |
_a34 p. : _bilus. |
||
| 490 | 0 |
_aPublicación de difusión _v; 2 |
|
| 590 |
_aBATCH-UPD _b10 _c20130110 _lUCH01 _h1128 |
||
| 590 |
_aBATCH-UPD _b10 _c20130410 _lUCH01 _h0717 |
||
| 590 |
_aBATCH-UPD _b10 _c20130914 _lUCH01 _h1135 |
||
| 590 |
_aCONVERSION _b10 _c20130109 _lUCH01 _h1354 |
||
| 590 |
_aE5995AHE _b05 _c20140902 _lUCH01 _h1031 |
||
| 650 | 1 | 4 |
_aDalia _xPropagación. _930950 |
| 650 | 1 | 4 |
_aFlores _xMéxico (Edo.) _941392 |
| 700 | 1 |
_aMejía Muñoz, José Merced _974277 |
|
| 830 | 0 |
_aPublicación de difusión _v; 2 _992754 |
|
| 901 | _aBK | ||
| 911 | _aen proceso | ||
| 942 | _cFOLL | ||
| 942 | _n0 | ||
| 949 |
_aFolleto 17655 _bBC _cFOLL _d33724002174173 _eTS1 _i110280 _sb |
||
| 949 |
_aFolleto 17655 _bBC _cFOLL _d33724002174215 _eTS2 _fc.2 _i110280 _sb |
||
| 949 |
_aFolleto 17655 _bBC _cFOLL _d33724002179330 _eTS2 _fc.3 _i110280 _sb |
||
| 999 |
_c98622 _d98622 |
||